Statistics for Europe Capital to Country

Click here to take the quiz!

General Stats

  • This quiz has been taken 111,585 times
  • The average score is 36 of 45

Answer Stats

CapitalCountry% Correct
MoscowRussia
100%
ParisFrance
100%
LondonUnited Kingdom
100%
MadridSpain
99%
RomeItaly
99%
AmsterdamNetherlands
98%
AthensGreece
98%
CopenhagenDenmark
96%
WarsawPoland
96%
BerlinGermany
96%
DublinIreland
95%
BrusselsBelgium
95%
ViennaAustria
95%
HelsinkiFinland
95%
StockholmSweden
92%
ReykjavíkIceland
90%
LuxembourgLuxembourg
90%
OsloNorway
89%
BudapestHungary
89%
KievUkraine
89%
MonacoMonaco
86%
LisbonPortugal
85%
PragueCzech Republic
85%
Vatican CityVatican City
84%
San MarinoSan Marino
83%
BernSwitzerland
80%
Andorra la VellaAndorra
80%
ZagrebCroatia
75%
SofiaBulgaria
74%
BucharestRomania
72%
RigaLatvia
71%
TallinnEstonia
68%
TiranaAlbania
65%
VilniusLithuania
64%
SarajevoBosnia and Herzegovina
64%
MinskBelarus
64%
BelgradeSerbia
63%
BratislavaSlovakia
60%
LjubljanaSlovenia
58%
VallettaMalta
58%
SkopjeNorth Macedonia
54%
VaduzLiechtenstein
52%
PristinaKosovo
52%
PodgoricaMontenegro
48%
ChișinăuMoldova
46%

Score Distribution

Percentile by Number Answered

Percent of People with Each Score

Your Score History

You have not taken this quiz